Psychanalysis in the classroom /

Bibliographic Details
Main Author: Green, George Henry, 1881-
Format: Book
Language:English
Published: New York : Putnam, 1922.
Edition:2d ed., enl.
Subjects:

MARC

Tag First Indicator Second Indicator Subfields
LEADER 00000cam a2200000 4500
001 in00000052139
005 20151007080333.0
008 720228s1922 eng u
035 |a (OCoLC)00250889 
035 |9 AAF4641AM 
040 |c HEI  |d TXA  |d UtOrBLW 
049 |a TXAM  |c 1 [24110] 
090 |a BF173  |b .G7 1923 
092 |a 131.346  |b G796p 1922 
100 1 |a Green, George Henry,  |d 1881- 
245 1 0 |a Psychanalysis in the classroom /  |c by George H. Green; with an introd. by William McDougall. 
250 |a 2d ed., enl. 
264 1 |a New York :  |b Putnam,  |c 1922. 
300 |a xi, 288 pages ;  |c 16 cm. 
336 |a text  |b txt  |2 rdacontent 
337 |a unmediated  |b n  |2 rdamedia 
338 |a volume  |b nc  |2 rdacarrier 
504 |a Bibliography: pages 277-283. 
650 0 |a Psychoanalysis. 
999 |a MARS 
999 f f |s 2cee7233-d7ea-3eeb-9085-18ef3b9c85cf  |i 8e22b82c-89c5-392e-be09-c96043dc6d5a  |t 0 
952 f f |p ric  |a Texas A&M University  |b Rellis Campus  |c Joint Library Facility  |d Remote Storage  |t 0  |e BF173 .G7 1923  |h Library of Congress classification  |i unmediated -- volume  |m A14800510905 
998 f f |a BF173 .G7 1923  |t 0  |l Remote Storage